Monuments parisien - Mort Subite - Statistiques

Statistiques générales
  • Ce quiz a été pris 916 fois
  • Le résultat moyen est 10 sur 16
Answers on the Grid
Answers color-coded by a green-red scale on the quiz's grid according to % correct below.
Arc de Triomphe
Panthéon
Sacré-Cœur
Palais Garnier
Conciergerie
Tour Montparnasse
Palais de Tokyo
Tour Eiffel
Notre-Dame-de-Paris
Pont Alexandre III
Hôtel des Invalides
Colonne de Juillet
Sainte-Chappelle
Grand Palais
Mur des Je t'aime
Obelisque de la Concorde
Tour du 14 Juillet
Palais Jacques Chirac
Tour d'Argent
Cathédrale de Strasbourg
Fort de Montferrand
Pont de l'Arma
Circuit de Paris XIV
Chappelle Louis XVI
 
Statistiques - réponses
Réponse % Correct
Tour Eiffel
81%
Notre-Dame-de-Paris
78%
Sacré-Cœur
78%
Tour Montparnasse
78%
Arc de Triomphe
77%
Panthéon
75%
Hôtel des Invalides
70%
Palais Garnier
69%
Grand Palais
67%
Pont Alexandre III
65%
Obelisque de la Concorde
64%
Conciergerie
42%
Palais de Tokyo
42%
Sainte-Chappelle
35%
Mur des Je t'aime
30%
Colonne de Juillet
23%
Aucun quiz correspondant
Distribution des résultats
% des personnes avec chaque résultat
Percentile par nombre de réponses
Votre historique - résultats
Vous n’avez pas pris ce quiz